000 00368nam a2200145Ia 4500
008 221030s9999 xx 000 0 und d
020 _a0198093691
041 _aEnglish
100 _aS. Sridhar
245 0 _aDesign & Analysis of Algorithms
_cby S. Sridhar
260 _bOxford Univ. Press
_aNew Delhi
_c2019
300 _a770
650 _aBE Computer
942 _cBK
999 _c18673
_d18673